Rene' Goscinny and Albert Uderzo present : the twelve tasks of Asterix, based of the cartoon film created by Studio Idefix

Bibliographic Details
Format: Book
Published: London : Hodder Dargaud , 1970
Subjects:

MARC

LEADER 00000cam a2200000 7i4500
001 0000003405
002 000003672
005 20000330.0
020 |a 0340276479 
090 0 0 |a C   |b AST 
245 0 0 |a Rene' Goscinny and Albert Uderzo present :   |b the twelve tasks of Asterix, based of the cartoon film created by Studio Idefix   |c translated by Anthea Bell and Derek Hockridge 
260 |a London :   |b Hodder Dargaud ,   |c 1970 
300 |a 56p. ;   |c 29cm. 
650 0 0 |a Children's stories 
999 |a 036947   |b BUKU   |c CARTOON   |e PERPUSTAKAAN KOMUNITI PETALING JAYA